Statistiques concernant Pokémon de type Feu de A à Z

Cliquez ici pour prendre le quiz!

Statistiques générales

  • Ce quiz a été pris 872 fois
  • Le résultat moyen est 12 sur 17

Statistiques - réponses

LettresDescriptionsPersonnages% Correct
BEvolution de GalifeuBraségali
91%
SOiseau légendaire de type FeuSulfura
90%
HStarter de deuxième générationHéricendre
88%
MPokémon évoluant avec un MagmariseurMagmar
88%
OStarter de quatrième générationOuisticram
86%
TEvolution de FTyphlosion
75%
FEvolution de HFeurisson
74%
GStarter de cinquième générationGruikui
73%
CEvolution de OChimpenfeu
71%
VSorte d'escargot de laveVolcaropod
71%
APrédateur des FermiteAflamanoir
67%
LSorte de chandelierLugulabre
66%
NEvolution de HélionceauNémélios
64%
RPokémon légendaire du YangReshiram
59%
DSa forme de Galar est de type Glace et FeuDarumacho
51%
WEvolution de CharbiWagomine
45%
PTroisième Pokémon évoluant le plus tardPyronille
33%

Distribution des résultats

Percentile par nombre de réponses

% des personnes avec chaque résultat

Votre développement - résultats

Vous n’avez pas pris ce quiz